| 000 | | | 04756cbm0a2200289#x 450 |
| 001 | | | aba49453-7641-4552-8337-7799f1c2570a |
| 005 | | | 20250410101749.0 |
| 100 | ## | $a | 20240409j19441021k###0rusy50 ca |
| 101 | 0# | $a | rus |
| 102 | ## | $a | RU |
| 122 | 0# | $a | d19441021## |
| 200 | 1# | $a | Указ Президиума Верховного совета СССР "Об установлении ежегодного праздника “Дня артиллерии” Красной Армии" |
| | $j | 21 октября 1944 г. |
| 251 | ## | $c | Документ |
| 300 | ## | $a | Подлинник |
| 461 | #0 | $1 | 2001 |
| | $a | Ф. Р-7523 |
| | $1 | 251 |
| | $c | Фонд |
| | $1 | 852 |
| | $j | Р-7523 |
| 462 | #0 | $1 | 2001 |
| | $a | Оп. 4 |
| | $1 | 251 |
| | $c | Опись |
| | $1 | 852 |
| | $j | 4 |
| 462 | #0 | $1 | 2001 |
| | $a | Д. 239 |
| | $v | Л. 131 |
| | $1 | 251 |
| | $c | Дело |
| | $1 | 852 |
| | $j | 239 |
| 601 | 01 | $2 | nlr_sh1 |
| | $3 | RU\NLR\AUTH\661041613 |
| | $a | СССР |
| | $b | Верховный Совет |
| | $b | Президиум |
| | $j | Документы и материалы |
| 605 | ## | $2 | prlib_sh |
| | $3 | LIBNET\UAF\0000088514 |
| | $a | Вторая мировая война в архивных документах (Комплекс оцифрованных архивных документов, кино- и фотоматериалов) |
| | $l | коллекция |
| 605 | ## | $a | Вооруженные силы России |
| | $l | коллекция |
| | $2 | acquisition_Prlib |
| | $3 | LIBNET\UAF\0000072769 |
| 606 | 1# | $2 | nlr_sh1 |
| | $3 | RU\NLR\AUTH\66515312 |
| | $a | День артиллерии |
| | $z | 19 ноября |
| | $j | Документы и материалы |
| 607 | ## | $2 | nlr_sh |
| | $3 | RU\NLR\AUTH\661372438 |
| | $a | СССР |
| | $x | Политика и управление |
| | $z | 1941 – 1945 |
| | $j | Документы и материалы |
| 686 | ## | $a | 63.3(2)622-33-8ю1 |
| | $v | LBC/M |
| | $2 | rubbk |
| 801 | #0 | $a | RU |
| | $b | ПБ им. Б.Н. Ельцина |
| | $c | 20240409 |
| 801 | #1 | $a | RU |
| | $b | ПБ им. Б.Н. Ельцина |
| | $c | 20240409 |
| | $2 | rusmarc |
| 801 | #2 | $a | RU |
| | $b | ПБ им. Б.Н. Ельцина |
| | $c | 20240409 |
| | $2 | rusmarc |
| 850 | ## | $a | Государственный архив Российской Федерации |
| 852 | ## | $a | ГА РФ |
| | $j | Л. 131 |
| 035 | ## | $a | LIBNET\0001392774 |
| 937 | ## | $d | 191701146 |
| | $h | Федеральное архивное агентство |
| 856 | 4# | $u | http://readingroom.main.prlib.ru/item.aspx?id_node=n191701146&mode=full |